|
|
|
|
| LEADER |
01212nam a2200277 a 4500 |
| 001 |
16151317 |
| 008 |
100324s2011 flua b 001 0 eng d |
| 010 |
|
|
|a 2010009661
|
| 020 |
|
|
|a 9781439800935 (hardcover : alk. paper)
|
| 040 |
|
|
|a DLC
|c DLC
|d BD-DhAAL
|
| 082 |
0 |
0 |
|a 004
|2 22
|
| 245 |
0 |
0 |
|a Official (ISC)2 guide to the ISSAP CBK /
|c edited by Harold F. Tipton.
|
| 260 |
|
|
|a Boca Raton :
|b CRC press :
|b Auerbach Publications,
|c 2011.
|
| 300 |
|
|
|a xv, 505 p. :
|b ill. ;
|c 24 cm.
|
| 490 |
0 |
|
|a (ISC)p2s press series
|
| 504 |
|
|
|a Includes bibliographical references and index.
|
| 541 |
1 |
|
|e 00024385
|
| 650 |
|
0 |
|a Electronic data processing personnel
|x Certification.
|
| 650 |
|
0 |
|a Computer security
|x Examinations
|v Study guides.
|
| 650 |
|
0 |
|a Computer architecture
|x Examinations
|v Study guides.
|
| 650 |
|
0 |
|a Computer networks
|x Examinations
|v Study guides.
|
| 700 |
1 |
|
|a Tipton, Harold F.
|
| 710 |
2 |
|
|a International Information Systems Security Certification Consortium.
|
| 852 |
1 |
|
|a Ayesha Abed library
|c General Shelf
|
| 999 |
|
|
|c 11858
|d 11858
|
| 952 |
|
|
|0 0
|1 0
|2 ddc
|4 0
|6 004_OFF
|7 0
|9 19383
|a BRACUL
|b BRACUL
|c GEN
|d 2012-02-02
|e Karim International
|g 5150.00
|l 1
|o 004 OFF
|p 3010024385
|r 2012-02-23
|s 2012-02-23
|t 1
|w 2012-02-02
|y BK
|